|
|
|
|
| LEADER |
00967nab#a2200301#ar4500 |
| 001 |
000083643 |
| 003 |
SVKKK |
| 005 |
20070413095647.0 |
| 008 |
070413c2007 xo e slo |
| FMT |
|
|
|
| 038 |
|
|
|a SVKKK
|
| 040 |
|
|
|a SVKKK
|b slo
|e AACR2
|
| 041 |
0 |
|
|a slo
|
| 044 |
|
|
|a xo
|c SK
|
| 080 |
|
|
|a 352/353
|2 1997
|
| 100 |
1 |
|
|a Linhardová, Alžbeta
|4 aut
|
| 245 |
1 |
0 |
|a Pribudne zóna pre rodinné barbecue aj plochy pre skejtbordistov :
|b pokračujeme v seriáli o tom, čo chcú zo sľubov vo volebných programoch tento rok zmeniť na realitu
|c Alžbeta Linhardová
|
| 300 |
|
|
|b Fotogr.
|
| 600 |
1 |
4 |
|a Géci, Patrik,
|c kandidát na starostu,
|d ?-,
|z Košice (Slovensko)
|
| 650 |
0 |
4 |
|a voľby
|x volebný program
|z Košice-Juh (Slovensko)
|
| 700 |
1 |
|
|a Géci, Patrik
|4 ive
|
| 773 |
0 |
|
|t Košický večer. Korzár
|x 1336-5320
|g Roč. 18 (39), č. 5 (2.2.2007), s. 3
|
| 958 |
|
|
|a 805
|
| 974 |
|
|
|a MI
|
| 992 |
|
|
|a RBX
|
| BAS |
|
|
|
| 852 |
|
|
|a SVKKK
|b BIB
|
| 998 |
|
|
|a REG
|